000
00189nam a22000977a 4500
041
_a
eng
080
_a
80
100
_a
Vellay, Pierre
245
_a
Childbirth with Confidence
999
_c
281709
_d
281709
942
_c
BK